[Event "Asian Schools-ch U17 Girls 11th"]
[Site "Singapore"]
[Date "2015.06.01"]
[Round "3.7"]
[White "Hansani, BH Dureka"]
[Black "Omurbekova, Diana"]
[Result "0-1"]
[WhiteElo "1418"]
[BlackElo "1708"]
[PlyCount "36"]
[EventDate "2015.05.31"]
[EventType "swiss"]
[EventRounds "7"]
[EventCountry "SIN"]
[SourceTitle "EXT 2024"]
[Source "ChessBase"]
[SourceDate "2023.10.10"]
[SourceVersion "1"]
[SourceVersionDate "2023.10.10"]
[SourceQuality "1"]

1. e4 d6 2. d4 Nf6 3. f3 g6 4. c4 Bg7 5. Nc3 0-0 6. Be3 e5 7. d5 Nbd7 8. Qd2 a6 9. 0-0-0 Nc5 10. g4 Bd7 11. h4 b5 12. Bh6 Ne8 13. Be3 f6 14. g5 f5 15. exf5 Bxf5 16. cxb5 axb5 17. Bxb5 Rxa2 18. Qf2 Nb3# 0-1